Statistics for Title Movie Characters

Click here to take the quiz!

General Stats

  • This quiz has been taken 11,347 times
    (11,326 since last reset)
  • The average score is 11 of 20

Answer Stats

Answer% Correct
Rocky
98%
Oliver
93%
Dolittle
84%
Charlie
80%
Bourne
79%
Bridget
71%
Frida
70%
Juno
58%
Patton
58%
Zoolander
56%
Goldfinger
54%
Harry
50%
Max
46%
Phillips
35%
Kane
34%
Kramer
34%
Crown
32%
Shaft
30%
Baker
22%
Arthur
20%

Score Distribution

Percentile by Number Answered

Percent of People with Each Score

Your Score History

You have not taken this quiz since the last reset